Statistics for Largest Police Forces In The World

Click here to take the quiz!

General Stats

  • This quiz has been taken 34 times
  • The average score is 9 of 10

Answer Stats

NoAnswer% Correct
1,600,000China
100%
756,859Russia
100%
1,926,000India
97%
913,161USA
94%
470,676Mexico
91%
436,518Brazil
91%
579,000Indonesia
88%
354,221Pakistan
76%
350,000Nigeria
74%
412,654Turkey
56%

Score Distribution

Percentile by Number Answered

Percent of People with Each Score

Your Score History

You have not taken this quiz